header

Excel 2002 : (Record no. 259730)

MARC details
000 -LEADER
fixed length control field 00799nam a22002537a 4500
003 - CONTROL NUMBER IDENTIFIER
control field OSt
005 - DATE AND TIME OF LATEST TRANSACTION
control field 20230316155220.0
008 - FIXED-LENGTH DATA ELEMENTS--GENERAL INFORMATION
fixed length control field 230214b xxu||||| |||| 00| 0 eng d
010 ## - LIBRARY OF CONGRESS CONTROL NUMBER
LC control number 2001272326
020 ## - INTERNATIONAL STANDARD BOOK NUMBER
International Standard Book Number 0072132450
040 ## - CATALOGING SOURCE
Original cataloging agency DLC
Language of cataloging Eng
Transcribing agency DLC
Modifying agency DLC
Description conventions rda
050 ## - LIBRARY OF CONGRESS CALL NUMBER
Classification number HF5548.4.M523
Item number I 942 2001
100 ## - MAIN ENTRY--PERSONAL NAME
Personal name Ivens, Kathy.
245 ## - TITLE STATEMENT
Title Excel 2002 :
Remainder of title the complete reference /
Statement of responsibility, etc Kathy Ivens, Conrad Carlberg.
246 ## - VARYING FORM OF TITLE
Title proper/short title Complete reference, Excel 2002
260 ## - PUBLICATION, DISTRIBUTION, ETC. (IMPRINT)
Place of publication, distribution, etc New York :
Name of publisher, distributor, etc Osborne/McGraw-Hill,
Date of publication, distribution, etc c2001.
300 ## - PHYSICAL DESCRIPTION
Extent xxxii, 759 p. :
Other physical details ill. ;
Dimensions 24 cm.
500 ## - GENERAL NOTE
General note Includes index.
630 ## - SUBJECT ADDED ENTRY--UNIFORM TITLE
Uniform title Microsoft Excel (Computer file)
650 ## - SUBJECT ADDED ENTRY--TOPICAL TERM
Source of heading or term Business
General subdivision Computer programs.
Source of heading or term Electronic spreadsheets.
700 ## - ADDED ENTRY--PERSONAL NAME
Personal name Carlberg, Conrad George.
942 ## - ADDED ENTRY ELEMENTS (KOHA)
Source of classification or shelving scheme Library of Congress Classification
Koha item type Reference
Holdings
Withdrawn status Lost status Source of classification or shelving scheme Damaged status Not for loan Collection code Home library Current library Shelving location Date acquired Total Checkouts Full call number Barcode Date last seen Price effective from Koha item type
    Library of Congress Classification     Non-fiction Rongo University Library Rongo University Library General Stacks 14/02/2023   HF5548.4.M523 I942 2001 20087660 14/02/2023 14/02/2023 Long Loan Books

© 2026 Rongo University
Contact us: librarian | system librarian | Rongo university